El derecho al debido proceso: fuentes del Derecho al debido proceso. Derecho al justo proceso. La garantía de la defensa procesal. La prueba y su relación con el debido proceso
Saved in:
| Hovedforfatter: | |
|---|---|
| Format: | Bog |
| Sprog: | spansk |
| Udgivet: |
Santiago
El Jurista
2012
|
| Udgivelse: | 1a. ed |
| Fag: | |
| Tags: |
Tilføj Tag
Ingen Tags, Vær først til at tagge denne postø!
|
MARC
| LEADER | 00000cam a2200000 a 4500 | ||
|---|---|---|---|
| 001 | UCF0548 | ||
| 003 | CL-VaPUC | ||
| 008 | 120531e20120000CL |||||||||||||||||spa|d | ||
| 020 | |a 9789568839277 | ||
| 082 | 0 | 4 | |a 345.056 |b TOR |2 21 |
| 100 | 0 | |a Toro Cornejo, Ibed |e author |9 562310 | |
| 245 | 1 | 3 | |a El derecho al debido proceso: fuentes del Derecho al debido proceso. Derecho al justo proceso. La garantía de la defensa procesal. La prueba y su relación con el debido proceso |
| 250 | |a 1a. ed | ||
| 300 | |a 317 p | ||
| 942 | |c BK | ||
| 945 | |d 20120531 00:00:00 |a dcastane | ||
| 260 | |a Santiago |b El Jurista |c 2012 | ||
| 650 | 7 | |a DERECHO PENAL |2 CL-VaPUC |9 11 | |
| 650 | 0 | |a Debido proceso |9 520518 | |
| 583 | |a last modification |c 20161102 04:54:37 |k Rodrigo Vera | ||
| 999 | |c 347802 |d 347800 | ||
| 952 | |0 0 |1 0 |4 0 |6 345_056000000000000_TOR_2012 |7 0 |8 A |9 449472 |a BIBDER |b BIBDER |d 2019-11-22 |i 4869842 |l 3 |o 345.056 TOR 2012 |p 4869842 |r 2024-11-06 |s 2024-10-29 |w 2019-11-22 |y BK |k DER | ||